[Event "Sochi City-ch"]
[Site "Sochi"]
[Date "2017.09.04"]
[Round "3"]
[White "Volobueva, Anastasiya"]
[Black "Derevshikov, Nikita"]
[Result "1-0"]
[WhiteElo "1106"]
[BlackElo "1668"]
[PlyCount "22"]
[EventDate "2017.09.02"]
[EventType "swiss"]
[EventRounds "9"]
[EventCountry "RUS"]
[SourceTitle "CBM 180 Extra"]
[Source "ChessBase"]
[SourceDate "2017.10.06"]
[SourceVersion "1"]
[SourceVersionDate "2017.10.06"]
[SourceQuality "1"]

1. e4 c5 2. Nf3 e6 3. d4 cxd4 4. Nxd4 a6 5. Nc3 b5 6. g3 Bb7 7. Bg2 Nf6 8. Bg5 Be7 9. 0-0 Nc6 10. Nxc6 dxc6 11. Qd2 Qc7 1-0